Actor Awards for Best Actor in a Leading Role - Statistics

General Stats
  • This quiz has been taken 20 times
  • The average score is 120 of 159
Answer Stats
Year Film Actor % Correct
2023 Oppenheimer Cillian Murphy
100%
2015 Black Mass Johnny Depp
100%
2004 Finding Neverland Johnny Depp
100%
2003 Pirates of the Caribbean: The Curse of the Black Pearl Johnny Depp
100%
2025 One Battle After Another Leonardo DiCaprio
100%
2019 Once Upon a Time in Hollywood Leonardo DiCaprio
100%
2015 The Revenant Leonardo DiCaprio
100%
2011 J. Edgar Leonardo DiCaprio
100%
2006 Blood Diamond Leonardo DiCaprio
100%
2004 The Aviator Leonardo DiCaprio
100%
2018 Bohemian Rhapsody Rami Malek
100%
2013 Captain Phillips Tom Hanks
100%
2000 Cast Away Tom Hanks
100%
1998 Saving Private Ryan Tom Hanks
100%
1994 Forrest Gump Tom Hanks
100%
2021 King Richard Will Smith
100%
2006 The Pursuit of Happyness Will Smith
100%
2021 The Power of the Dog Benedict Cumberbatch
93%
2014 The Imitation Game Benedict Cumberbatch
93%
2003 Lost in Translation Bill Murray
93%
2023 Maestro Bradley Cooper
93%
2018 A Star Is Born Bradley Cooper
93%
2012 Silver Linings Playbook Bradley Cooper
93%
2011 Moneyball Brad Pitt
93%
2008 The Curious Case of Benjamin Button Brad Pitt
93%
2021 The Tragedy of Macbeth Denzel Washington
93%
2017 Roman J. Israel, Esq. Denzel Washington
93%
2016 Fences Denzel Washington
93%
2012 Flight Denzel Washington
93%
2001 Training Day Denzel Washington
93%
1999 The Hurricane Denzel Washington
93%
2005 Brokeback Mountain Heath Ledger
93%
2018 BlacKkKlansman John David Washington
93%
1994 Pulp Fiction John Travolta
93%
1999 American Beauty Kevin Spacey
93%
1997 Good Will Hunting Matt Damon
93%
2013 Dallas Buyers Club Matthew McConaughey
93%
2016 La La Land Ryan Gosling
93%
2007 Lars and the Real Girl Ryan Gosling
93%
2006 Half Nelson Ryan Gosling
93%
2024 The Brutalist Adrien Brody
87%
2002 The Pianist Adrien Brody
87%
2020 The Father Anthony Hopkins
87%
1995 Nixon Anthony Hopkins
87%
2016 Manchester by the Sea Casey Affleck
87%
2010 The King's Speech Colin Firth
87%
2009 A Single Man Colin Firth
87%
2012 Lincoln Daniel Day-Lewis
87%
2007 There Will Be Blood Daniel Day-Lewis
87%
2002 Gangs of New York Daniel Day-Lewis
87%
1997 Wag the Dog Dustin Hoffman
87%
2013 The Butler Forest Whitaker
87%
2006 The Last King of Scotland Forest Whitaker
87%
2011 The Descendants George Clooney
87%
2009 Up in the Air George Clooney
87%
2007 Michael Clayton George Clooney
87%
2002 About Schmidt Jack Nicholson
87%
1997 As Good as It Gets Jack Nicholson
87%
2014 Nightcrawler Jake Gyllenhaal
87%
2004 Ray Jamie Foxx
87%
2019 Joker Joaquin Phoenix
87%
2005 Walk the Line Joaquin Phoenix
87%
2009 Invictus Morgan Freeman
87%
1994 The Shawshank Redemption Morgan Freeman
87%
2002 Adaptation. Nicolas Cage
87%
1995 Leaving Las Vegas Nicolas Cage
87%
2005 Capote Philip Seymour Hoffman
87%
1999 Flawless Philip Seymour Hoffman
87%
2008 Milk Sean Penn
87%
2003 Mystic River Sean Penn
87%
2001 I Am Sam Sean Penn
87%
1995 Dead Man Walking Sean Penn
87%
2025 Marty Supreme Timothée Chalamet
87%
2024 A Complete Unknown Timothée Chalamet
87%
2017 Call Me by Your Name Timothée Chalamet
87%
1996 Jerry Maguire Tom Cruise
87%
2022 The Whale Brendan Fraser
80%
2019 Ford v Ferrari Christian Bale
80%
2018 Vice Christian Bale
80%
2004 Hotel Rwanda Don Cheadle
80%
2015 The Danish Girl Eddie Redmayne
80%
2014 The Theory of Everything Eddie Redmayne
80%
2020 Mank Gary Oldman
80%
2017 Darkest Hour Gary Oldman
80%
2000 Quills Geoffrey Rush
80%
1996 Shine Geoffrey Rush
80%
2012 Les Misérables Hugh Jackman
80%
2010 True Grit Jeff Bridges
80%
2009 Crazy Heart Jeff Bridges
80%
2025 Sinners Michael B. Jordan
80%
2014 Birdman Michael Keaton
80%
2008 The Wrestler Mickey Rourke
80%
2023 The Holdovers Paul Giamatti
80%
2004 Sideways Paul Giamatti
80%
2024 Conclave Ralph Fiennes
80%
1996 The English Patient Ralph Fiennes
80%
2002 Chicago Richard Gere
80%
2005 Cinderella Man Russell Crowe
80%
2001 A Beautiful Mind Russell Crowe
80%
2000 Gladiator Russell Crowe
80%
1999 The Insider Russell Crowe
80%
1994 The Shawshank Redemption Tim Robbins
80%
2021 Tick, Tick...Boom! Andrew Garfield
73%
2016 Hacksaw Ridge Andrew Garfield
73%
2000 Traffic Benicio del Toro
73%
1996 Sling Blade Billy Bob Thornton
73%
2009 The Hurt Locker Jeremy Renner
73%
1999 Man on the Moon Jim Carrey
73%
1998 Shakespeare in Love Joseph Fiennes
73%
1998 Life Is Beautiful Roberto Benigni
73%
2018 Green Book Viggo Mortensen
73%
2016 Captain Fantastic Viggo Mortensen
73%
2007 Eastern Promises Viggo Mortensen
73%
1996 The People vs. Larry Flynt Woody Harrelson
73%
2019 Marriage Story Adam Driver
67%
2013 Nebraska Bruce Dern
67%
2022 The Banshees of Inisherin Colin Farrell
67%
2017 Get Out Daniel Kaluuya
67%
2017 The Disaster Artist James Franco
67%
2010 127 Hours James Franco
67%
2010 The Social Network Jesse Eisenberg
67%
2014 Foxcatcher Steve Carell
67%
2022 Elvis Austin Butler
60%
2020 Ma Rainey's Black Bottom Chadwick Boseman
60%
2013 12 Years a Slave Chiwetel Ejiofor
60%
1998 Gods and Monsters Ian McKellen
60%
2021 Being the Ricardos Javier Bardem
60%
2011 The Artist Jean Dujardin
60%
1997 Ulee's Gold Peter Fonda
60%
2015 Trumbo Bryan Cranston
53%
2024 Sing Sing Colman Domingo
53%
2023 Rustin Colman Domingo
53%
2025 Bugonia Jesse Plemons
53%
2020 Sound of Metal Riz Ahmed
53%
2001 In the Bedroom Tom Wilkinson
53%
2003 House of Sand and Fog Ben Kingsley
47%
2025 Blue Moon Ethan Hawke
47%
2008 Frost/Nixon Frank Langella
47%
2000 Billy Elliot Jamie Bell
47%
2023 American Fiction Jeffrey Wright
47%
1998 Affliction Nick Nolte
47%
2006 Venus Peter O'Toole
47%
2020 Minari Steven Yeun
47%
2019 Rocketman Taron Egerton
47%
2022 Living Bill Nighy
40%
2024 Queer Daniel Craig
40%
2005 Good Night, and Good Luck. David Strathairn
40%
1994 Nobody's Fool Paul Newman
40%
2010 Get Low Robert Duvall
40%
1997 The Apostle Robert Duvall
40%
2011 A Better Life Demián Bichir
33%
2008 The Visitor Richard Jenkins
33%
1995 Cry, the Beloved Country James Earl Jones
27%
2022 Hustle Adam Sandler
20%
2007 Into the Wild Emile Hirsch
20%
1995 Il Postino: The Postman Massimo Troisi
20%
2012 The Sessions John Hawkes
13%
2003 The Station Agent Peter Dinklage
13%
2001 Life as a House Kevin Kline
7%
No matching quizzes found
Score Distribution
Percent of People with Each Score
Percentile by Number Answered
Your Score History
You have not taken this quiz